Vài nét về thực trạng tham vấn hướng nghiệp tại Việt Nam /

Đã lưu trong:
Sonraí Bibleagrafaíochta
Príomhúdar: Đỗ Thị Lệ Hằng.
Formáid: Bài viết
Teanga:Vietnamese
Ábhair:
Clibeanna: Cuir Clib Leis
Gan Chlibeanna, Bí ar an gcéad duine leis an taifead seo a chlibeáil!
Thư viện lưu trữ: Thư viện Trường Đại học Đà Lạt
LEADER 00815nam a2200277 4500
001 DLU090074975
005 ##20090622
040 # # |a DLU  |b vie 
041 # # |a vie 
044 # # |a vn 
100 # # |a Đỗ Thị Lệ Hằng. 
245 # # |a Vài nét về thực trạng tham vấn hướng nghiệp tại Việt Nam /  |c Đỗ Thị Lệ Hằng. 
653 # # |a Giáo dục hướng nghiệp 
653 # # |a Học sinh phổ thông 
653 # # |a Tư vấn  
773 # # |t Tạp chí Tâm lý học  |g Số 5, 2009, tr. 40-49 
920 # # |a Phòng Tạp chí -- Trung tâm Thông tin - Thư viện Trường Đại học Đà Lạt 
933 # # |a XH 
994 # # |a DLU 
900 # # |a True 
911 # # |a Hoàng Thị Huyền 
925 # # |a G 
926 # # |a A 
927 # # |a BB 
980 # # |a Thư viện Trường Đại học Đà Lạt